000 00612nam a2200205 ar4500
001 2899
005 20221127090622.0
008 120811s xxu a 00010 eng d
020 _a0131008943(pbk) :
_cSR No price.
082 0 4 _a658
_bG875 2004
100 1 _aGriffin, Ricky W.
245 1 0 _aBusiness /
_cR. Griffin, Ronald Ebert.
250 _a7th ed.
260 _aUpper Saddle River, NJ :
_bPearson/Prentice Hall,
_c2004.
300 _a1 v.(various pagings) ;
_c28 cm.
500 _aTest book.
650 4 _aIndustrial management.
650 4 _aBusiness enterprises.
700 0 _aEbert, Ronald J.,
_ejt. auth.
999 _c2897
_d2897